000 00984nam a2200277Ia 4500
003 OSt
005 20220923210955.0
006 a|||||r|||| 00| 0
007 ta
008 220922b |||||||| |||| 00| 0 hin d
020 _a8126701366
_c400
024 _a258,743
037 _b311, 30/06/2011, Vani Prakashan
_cTextual
040 _aARTS
_cARTS
_bhin
041 _2hin
_ahin
082 _aO152,3N296:g, N0
100 _aवाजपेयी, अशोक, संपा.
_9156708
245 0 _aनिर्मल वर्मा
246 _aNirmal varmā
260 _aनयी दिल्ली
_b राजकमल प्रकाशन
_c1990
300 _a256पृ.
_ccm.
650 _a हिन्दी कहानी
650 _aहिन्दी साहित्य
_9156264
942 _hO152,3N296:g, N0
_cTEXL
_2CC
999 _c293350
_d293350